| 000 | 01083nam a2200301 i 4500 | ||
|---|---|---|---|
| 001 | 000039534 | ||
| 003 | DO-SdBNP | ||
| 005 | 20260421192941.0 | ||
| 007 | ta | ||
| 008 | 130705s1996 dr 001 0 spa d | ||
| 040 |
_aDO-SdBNP _bspa _cBNPHU _erda |
||
| 082 | 4 |
_a658.4013 _bS714a _222 |
|
| 100 | 1 |
_aSoriano Guzmán, Genaro, _d1948- _964341 _eautor |
|
| 245 | 1 | 0 |
_aAuditoría para la administracion : _bmejorando la calidad y la productividad empresarial / _cGenaro Soriano G. ; prólogo, Elba Luz Ruso. |
| 264 |
_aSanto Domingo : _bSomos Artes Gráficas, _c1996. |
||
| 300 |
_a339 páginas ; _c21 cm. |
||
| 336 |
_2rdacontent _atexto _btxt |
||
| 337 |
_2rdamedia _asin mediación _bn |
||
| 338 |
_2rdacarrier _avolumen _bnc |
||
| 500 | _aIncluye datos biográficos del autor en la contracubierta. | ||
| 590 | _aInventariado, 2018/ YL | ||
| 650 | 0 |
_aAuditoria administrativa _921627 |
|
| 650 | 0 |
_aAuditoría fiscal _964342 |
|
| 650 | 4 |
_aAuditoria interna _97941 |
|
| 700 | 1 |
_aRuso, Elba Luz, _eprólogo _965703 |
|
| 910 | _aValidado. Control de calidad. EMS | ||
| 942 |
_2ddc _cLBS1 |
||
| 999 |
_c39024 _d39024 |
||